| 000 | 00477nam a2200181Ia 4500 | ||
|---|---|---|---|
| 005 | 20250508155135.0 | ||
| 008 | 008 250505s9999 xx 000 0 eng d | ||
| 037 | _aBooks to be hide in OPAC | ||
| 040 |
_aFEDL _beng _cFEDL |
||
| 041 |
_aeng _2eng |
||
| 084 |
_a407, CIE/O _qFEDL |
||
| 100 |
_aSastri H N L _9766717 |
||
| 245 | 0 | _aBilingual method research project | |
| 260 | _c1967 | ||
| 300 | _a25p. | ||
| 942 |
_cHB _h407, CIE/O |
||
| 999 |
_c1354602 _d1354602 |
||